| 000 | 01413nam a2200325 i 4500 | ||
|---|---|---|---|
| 999 |
_c7811 _d7811 |
||
| 001 | 991058478168306706 | ||
| 003 | OSt | ||
| 005 | 20231120133910.0 | ||
| 006 | m o d | | ||
| 007 | cr ||||||||||| | ||
| 008 | 201029s2019 sp a ob 000 0 spa d | ||
| 020 | _a9788412736724 (versió digital) | ||
| 020 | _a9788412736717 (versió impresa) | ||
| 040 |
_aCDMR _cCDMR _bcat |
||
| 245 | 1 | 0 |
_aInforme de la comunicació a Catalunya _b: 2021-2022 [recurs electrònic] / _cBernat López, Amparo Huertas Bailén, Luiz Peres-Neto (editors) |
| 260 |
_aBellaterra : _bUniversitat Autònoma de Barcelona. Institut de la Comunicació (InCom-UAB), _c2023 |
||
| 300 | _a1 recurs electrònic (253 pàgines) | ||
| 650 | 0 |
_aComunicació _94470 _zCatalunya _y2021-2022 |
|
| 650 | 0 |
_aPremsa _9195 _zCatalunya _y2021-2022 |
|
| 650 | 0 |
_aRadiodifusió _93105 _zCatalunya _y2021-2022 |
|
| 650 | 0 |
_aComunicació audiovisual _92084 _zCatalunya _y2021-2022 |
|
| 650 | 0 |
_aIndústries culturals _94171 _zCatalunya _y2021-2022 |
|
| 651 | 0 |
_94705 _aCatalunya _xPolítica de la comunicació _y2021-2022 |
|
| 700 | 1 |
_93050 _aLópez López, Bernat |
|
| 700 | 1 |
_92407 _aHuertas Bailén, Amparo |
|
| 700 |
_94905 _aPeres-Neto, Luiz |
||
| 710 | 2 |
_91253 _aUniversitat Autònoma de Barcelona _b -- Institut de la Comunicació |
|
| 856 |
_zAccés en línia _uhttps://ddd.uab.cat/pub/llibres/2023/284362/infcomcat_a2023.pdf |
||
| 942 |
_2udc _cLLIBRE-E |
||